| 000 | 00454cam a2200181ua 4500 | ||
|---|---|---|---|
| 020 | _c4.00 | ||
| 041 |
_ahin _h |
||
| 082 |
_a891.54 _bNAG/AD |
||
| 100 | _aNagendra, . | ||
| 245 |
_aAdunik hindi kavitha ki mukhya pravarthiyam / _cNagendra. _hTextual Documents |
||
| 250 |
_a2 / _b. |
||
| 260 |
_aNew Delhi : _bNational Publishing House , _c1962. |
||
| 300 | _a137 ; . | ||
| 365 | _a4.00 | ||
| 504 | _a | ||
| 942 | _cBK | ||
| 999 |
_c8295 _d8295 |
||